000 00760cam a22002413a 4500
001 3099
003 PGUSA
005 20140828083025.0
008 020201s2002||||xxu|||||s|||||000 | eng d
040 _aPGUSA
_beng
042 _adc
050 4 _aHE
100 1 _aPaine, Ralph Delahaye,
_d1871-1925
245 1 4 _aThe Old Merchant Marine :
_bA Chronicle of American Ships and Sailors
_h[electronic resource] /
_cRalph Delahaye Paine
260 _bProject Gutenberg,
_c2002
500 _aChronicles of America series; v. 36
506 _aPublic domain in the USA.
516 _aElectronic text
653 _aMerchant marine -- United States -- History
830 0 _aProject Gutenberg
_v3099
856 4 0 _uhttp://www.gutenberg.org/ebooks/3099
942 _cEB
999 _c232428
_d232428